| 000 | 00567nam a22001697a 4500 | ||
|---|---|---|---|
| 003 | PILC | ||
| 005 | 20150605140747.0 | ||
| 008 | 150605b xxu||||| |||| 00| 0 eng d | ||
| 050 |
_aT 1 _b.B328 2009 |
||
| 100 | _aBataga, Ruchel Gyra S. | ||
| 245 |
_aComputerized enrollment system of grinhar academy and montessori school / _cRuchel Gyra S. Bataga. |
||
| 260 |
_aMuntinlupa City : _bSMC, _c2009. |
||
| 300 |
_aix, 59 pages : _b illustrations ; _c28 cm. |
||
| 500 | _aIncludes bibliographical references and indexes. | ||
| 650 | _aAutomation. | ||
| 942 |
_2lcc _cTH _kLOC |
||
| 999 |
_c284764 _d284764 |
||